Psychotherapy for the 1990s / (Record no. 1291)

MARC details
000 -LEADER
fixed length control field 00808fam a2200265 a 4500
005 - DATE AND TIME OF LATEST TRANSACTION
control field 20260322212054.0
008 - FIXED-LENGTH DATA ELEMENTS--GENERAL INFORMATION
fixed length control field data
010 ## - LIBRARY OF CONGRESS CONTROL NUMBER
LC control number 91035424 //r92
020 ## - INTERNATIONAL STANDARD BOOK NUMBER
International Standard Book Number 0898627982 (alk. paper)
020 ## - INTERNATIONAL STANDARD BOOK NUMBER
International Standard Book Number 9780898627985 (alk. paper)
040 ## - CATALOGING SOURCE
Original cataloging agency DNLC/DLC
Transcribing agency DLC
Modifying agency DLC
050 00 - LIBRARY OF CONGRESS CALL NUMBER
Classification number RC480
Item number .P8255 1992
060 ## - NATIONAL LIBRARY OF MEDICINE CALL NUMBER
Classification number WM 420 P97547
096 ## - LOCALLY ASSIGNED NLM-TYPE CALL NUMBER (OCLC)
Classification number WM 420 P97547 1992
001 - CONTROL NUMBER
control field data
245 00 - TITLE STATEMENT
Title Psychotherapy for the 1990s /
Statement of responsibility, etc. edited by J. Scott Rutan.
260 ## - PUBLICATION, DISTRIBUTION, ETC.
Place of publication, distribution, etc. New York :
Name of publisher, distributor, etc. Guilford Press,
Date of publication, distribution, etc. c1992.
300 ## - PHYSICAL DESCRIPTION
Extent xiii, 378 p. ;
Dimensions 24 cm.
504 ## - BIBLIOGRAPHY, ETC. NOTE
Bibliography, etc. note Includes bibliographical references and index.
590 ## - LOCAL NOTE (RLIN)
Local note Includes bibliographical references and index.
650 #0 - SUBJECT ADDED ENTRY--TOPICAL TERM
Topical term or geographic name entry element Psychotherapy.
650 #0 - SUBJECT ADDED ENTRY--TOPICAL TERM
Topical term or geographic name entry element Psychotherapy
General subdivision Social aspects.
650 #2 - SUBJECT ADDED ENTRY--TOPICAL TERM
Topical term or geographic name entry element Psychotherapy
General subdivision trends.
700 1# - ADDED ENTRY--PERSONAL NAME
Personal name Rutan, J. Scott.
Holdings
Withdrawn status Lost status Damaged status Not for loan Home library Current library Shelving location Date acquired Total checkouts Full call number Barcode Date last seen Price effective from Koha item type
        Riverside Riverside General stacks 22/03/2026   RC480 .P8255 1992 BC0011334 22/03/2026 22/03/2026 Books